Estimating and tendering for construction work (Record no. 115854)

MARC details
000 -LEADER
fixed length control field 01226cad a22002775a 4500
001 - CONTROL NUMBER
control field L159386
008 - FIXED-LENGTH DATA ELEMENTS--GENERAL INFORMATION
fixed length control field 170113s2017 xxk f 000 0 eng d
020 ## - INTERNATIONAL STANDARD BOOK NUMBER
International Standard Book Number 9781138838062
035 ## - SYSTEM CONTROL NUMBER
System control number (Sirsi) u159386
041 0# - LANGUAGE CODE
Language code of text/sound track or separate title eng
050 04 - LIBRARY OF CONGRESS CALL NUMBER
Classification number 692.5 $2 18
100 1# - MAIN ENTRY--PERSONAL NAME
Personal name Brook, Martin
245 00 - TITLE STATEMENT
Title Estimating and tendering for construction work
250 ## - EDITION STATEMENT
Edition statement 5th ed.
260 ## - PUBLICATION, DISTRIBUTION, ETC.
Place of publication, distribution, etc. Abington, Routledge
Date of publication, distribution, etc. 2017
300 ## - PHYSICAL DESCRIPTION
Extent xx1, 324p ; 24 cm
520 ## - SUMMARY, ETC.
Summary, etc. Sets out the role of the estimator at every stage of the project process. This new edition is updated to take account of new tendering and procurement methods, the increased emphasis on partnering collaborative working and the move from basic estimating to cost planning. Includes NRM1 and NRM2 and emerging technologies such as BIM and estimating systems which can intereact with 3D design models.
520 ## - SUMMARY, ETC.
Summary, etc. Supersedes 4 edition (ISBN 9780750686167) which is also available an EBook
521 ## - TARGET AUDIENCE NOTE
Target audience note Advanced
590 ## - LOCAL NOTE (RLIN)
Local note KA
651 #4 - SUBJECT ADDED ENTRY--GEOGRAPHIC NAME
Geographic name United Kingdom
690 ## - LOCAL SUBJECT ADDED ENTRY--TOPICAL TERM (OCLC, RLIN)
Topical term or geographic name as entry element Procurement
9 (RLIN) 6260
690 ## - LOCAL SUBJECT ADDED ENTRY--TOPICAL TERM (OCLC, RLIN)
Topical term or geographic name as entry element Construction management
9 (RLIN) 6230
856 ## - ELECTRONIC LOCATION AND ACCESS
Uniform Resource Identifier <a href="https://www.vlebooks.com/">https://www.vlebooks.com/</a>
Public note View on VLEbooks. Logins for members only from [email protected]
942 ## - ADDED ENTRY ELEMENTS (KOHA)
Suppress in OPAC 0
Source of classification or shelving scheme Dewey Decimal Classification
Holdings
Withdrawn status Lost status Source of classification or shelving scheme Damaged status Not for loan Home library Current library Shelving location Date acquired Total Checkouts Full call number Barcode Date last seen Copy number Price effective from Koha item type
    Dewey Decimal Classification     London London Books 13/01/2017   692.5 BRO 30079057 06/08/2019 1 06/08/2019 Book
    Dewey Decimal Classification     Virtual Virtual Online 23/05/2017   EBOOK 159386-2001 23/03/2023 1 06/08/2019 Book